Metodologa̕s de investigacin̤ jurd̕ica

Detalles Bibliográficos
Autor principal: Lozano Rodrg̕uez, Eleonora
Otros Autores: Barreto Rozo, Antonio
Formato: eBook
Lenguaje:español
Publicado: Bogot:̀ Universidad de Los Andes (Colombia), 2021
Materias:
Acceso en línea:Acceso restringido

MARC

LEADER 00000nam a22000007a 4500
005 20221028224519.0
007 cr|||| ||||
008 221028s2021 co |||||s|||| 00||0 spa d
020 |a 978-958-798-180-3 
035 |a 37425 
040 |a vLex 
090 |c 14064  |d 14064 
100 1 |a Lozano Rodrg̕uez, Eleonora 
245 1 0 |a Metodologa̕s de investigacin̤ jurd̕ica  |h [Recurso electrn̤ico] /  |c Eleonora Lozano Rodrg̕uez, Antonio Barreto Rozo 
256 |a Servicio en ln̕ea 
260 |a Bogot:̀  |b Universidad de Los Andes (Colombia),  |c 2021 
300 |a 1 recurso electrn̤ico 
506 1 |a Disponible solo en los productos indicados  |d vLex Global  |d vLex Global (Academic Edition, excluding Law Schools)  |d vLex Global (U.S. Academic Edition, Law Schools)  |d vLex Global (U.S. Academic Edition, excluding Law Schools)  |d vLex Global (Academic Edition, Law Schools) 
650 0 4 |a Ciencias sociales  |z Colombia 
700 1 |a Barreto Rozo, Antonio 
740 0 |a vLex Libros (Servicio en ln̕ea) 
856 4 0 |u https://app.vlex.com/#/sources/37425  |z Acceso restringido 
942 |c BOOK 
999 0 |a Social Sciences